| 000 | 00427pab a2200157 454500 | ||
|---|---|---|---|
| 008 | 180718b2009 xxu||||| |||| 00| 0 eng d | ||
| 100 | _aJung, Tobias et al | ||
| 245 | _aInstruments for exploring organizational culture: a review of the literature | ||
| 260 | _c2009 | ||
| 300 | _ap.1087-096. | ||
| 362 | _aDec | ||
| 650 | _aPublic administration | ||
| 773 | _aPublic Administration Review | ||
| 908 | _aN | ||
| 909 | _a85097 | ||
| 999 |
_c85097 _d85097 |
||